[Event "Titled Tuesday intern op 12th May"]
[Site "Chess.com INT"]
[Date "2020.05.12"]
[Round "1"]
[White "Domantas, K."]
[Black "Galaktionov, Artem"]
[Result "0-1"]
[WhiteElo "2399"]
[BlackElo "2319"]
[PlyCount "82"]
[EventDate "2020.05.12"]
[EventType "swiss (blitz)"]
[EventRounds "10"]
[EventCountry "USA"]
[SourceTitle "EXT 2021"]
[Source "ChessBase"]
[SourceDate "2020.10.23"]
[SourceVersion "1"]
[SourceVersionDate "2020.10.23"]
[SourceQuality "1"]

1. e4 c6 2. d4 g6 3. c4 Bg7 4. Nc3 d6 5. Be3 Nd7 6. Qd2 e5 7. Nge2 Ne7 8. h4 f5 9. Bh6 Bf6 10. h5 f4 11. g4 g5 12. d5 c5 13. Ng1 Ng8 14. Bxg5 Bxg5 15. Nf3 Be7 16. h6 Nf8 17. Bh3 Nxh6 18. g5 Bxh3 19. Rxh3 Nf7 20. 0-0-0 Nxg5 21. Nxg5 Bxg5 22. Qc2 Qd7 23. Rdh1 h6 24. Nb5 a6 25. Nc3 Ng6 26. Kb1 Kf7 27. Qe2 Kf6 28. Qh5 b5 29. Nd1 bxc4 30. Rc3 Rab8 31. Rxc4 Rb4 32. Rc2 Rxe4 33. Qf3 Rd4 34. Nc3 Qf5 35. Re1 Nh4 36. Qe2 Qc8 37. Ne4+ Ke7 38. f3 Nf5 39. Qh2 Ne3 40. Rce2 Rxd5 41. Qh5 Qf5 0-1

[Event "Titled Tuesday intern op 12th May"]
[Site "Chess.com INT"]
[Date "2020.05.12"]
[Round "10"]
[White "Domantas, K."]
[Black "Klenburg, Mikhail"]
[Result "1-0"]
[WhiteElo "2399"]
[BlackElo "2346"]
[PlyCount "85"]
[EventDate "2020.05.12"]
[EventType "swiss (blitz)"]
[EventRounds "10"]
[EventCountry "USA"]
[SourceTitle "EXT 2021"]
[Source "ChessBase"]
[SourceDate "2020.10.23"]
[SourceVersion "1"]
[SourceVersionDate "2020.10.23"]
[SourceQuality "1"]

1. e4 c5 2. Ne2 d6 3. g3 g6 4. Bg2 Bg7 5. 0-0 Nf6 6. c3 0-0 7. d4 Nc6 8. d5 Na5 9. Nd2 b5 10. b3 Bd7 11. Bb2 Qc7 12. c4 bxc4 13. bxc4 Rab8 14. Bc3 Ng4 15. Qc1 Bxc3 16. Qxc3 Rb4 17. f4 Rfb8 18. h3 Nf6 19. e5 Ne8 20. Nc1 Ng7 21. Nd3 R4b7 22. exd6 exd6 23. g4 Qd8 24. Ne4 Ne8 25. f5 Rb4 26. Nxb4 Rxb4 27. fxg6 hxg6 28. Nd2 Nb7 29. Rab1 Rb6 30. Rxb6 axb6 31. Ne4 Na5 32. Rf2 Bc8 33. Bf1 Ba6 34. g5 Qe7 35. Qe3 Kf8 36. Qf4 Nb7 37. Nf6 Nxf6 38. gxf6 Qd8 39. Qh6+ Ke8 40. Re2+ Kd7 41. Re7+ Kc8 42. Rxf7 Qe8 43. Rf8 1-0

[Event "Titled Tuesday intern op 12th May"]
[Site "Chess.com INT"]
[Date "2020.05.12"]
[Round "7"]
[White "Tomczak, Mikolaj"]
[Black "Domantas, K."]
[Result "1-0"]
[WhiteElo "2433"]
[BlackElo "2399"]
[PlyCount "89"]
[EventDate "2020.05.12"]
[EventType "swiss (blitz)"]
[EventRounds "10"]
[EventCountry "USA"]
[SourceTitle "EXT 2021"]
[Source "ChessBase"]
[SourceDate "2020.10.23"]
[SourceVersion "1"]
[SourceVersionDate "2020.10.23"]
[SourceQuality "1"]

1. d4 Nf6 2. Nf3 e6 3. Bg5 h6 4. Bh4 c5 5. e3 Be7 6. Nbd2 b6 7. Bd3 Bb7 8. 0-0 d5 9. c3 Nbd7 10. Ne5 Nxe5 11. dxe5 Nd7 12. Bg3 h5 13. h3 g5 14. e4 Qc7 15. exd5 Bxd5 16. Be4 Qb7 17. Bxd5 Qxd5 18. Qf3 Qxf3 19. Nxf3 g4 20. hxg4 hxg4 21. Nd2 Rh5 22. Rfe1 Rd8 23. Rad1 Nf8 24. Ne4 Rxd1 25. Rxd1 Ng6 26. Nf6+ Bxf6 27. exf6 Rf5 28. Bb8 Rxf6 29. Bxa7 e5 30. b4 cxb4 31. cxb4 Nf4 32. Re1 Nd3 33. Re3 Rd6 34. b5 f6 35. a4 Nb2 36. a5 Nc4 37. Re4 Nxa5 38. Rxg4 Kd7 39. Rg7+ Ke6 40. g4 Kd5 41. Bb8 Rd8 42. Bc7 Rc8 43. Bxb6 Nc4 44. Ba7 Kd6 45. b6 1-0